• 首页
  • 本馆介绍
  • 公告通知
  • 最新文献
  • 馆藏检索
  • 电子资源
  • 读者导购
  • 参考咨询
  • 我的图书馆
  • 登录
  • 详细信息显示
  • 放入我的书架
  • 预约/预借图书
  • 作者相关作品
  • 分类相关作品
  • 丛书相关作品
  • 出版社相关作品

书目信息

  • 表格格式
  • 工作单格式
  • 卡片格式
题名:
方差分析
    
 
作者: ;中国科学院数学研究所统计组 编
分册:  
出版信息: 北京   科学出版社  1977
页数: 230页
开本: 19cm
丛书名:
单 册:
中图分类: O212.1
科图分类:
主题词: 方差分析
电子资源:
ISBN:
000 00717nam0 2200229 45
001 0177000993
005 20060817153435.26
010    @dCNY0.60
091    @a13031.557
100    @a19951009d1977 em y0chiy0121 ea
101 0  @achi
102    @aCN@b110000
105    @ay z 000yy
200 10 @a方差分析@Afang cha fen xi@f中国科学院数学研究所统计组编@Fzhong guo ke xue yuan shu xue yan jiu suo tong ji zu bian
210    @a北京@c科学出版社@d1977
215    @a230页@d19cm
606    @a方差分析
690    @aO212.1@v3
711 02 @a中国科学院数学研究所统计组@Azhong guo ke xue yuan shu xue yan jiu suo tong ji zu@4编
801  0 @aCN@b广东省中山图书馆@c20060817
801  2 @aCN@bNLC@c20060524
905    @dO212.1@e10
    
    方差分析/中国科学院数学研究所统计组编.-北京:科学出版社,1977
    230页;19cm
    
    
    ISBN :CNY0.60
    
●
相关链接 在E读中查询图书 在五车中查询图书 在当当中查询图书 在豆瓣中查询图书


正题名:方差分析     索取号:O212.1/10         预约/预借

序号 登录号 条形码 馆藏地/架位号 状态 备注
1 0044449   001442157   第三借阅区/ [索取号:O212.1/10] 在馆    
2 0044450   001442077   第三借阅区/ [索取号:O212.1/10] 在馆    
3 0044451   202377971   密集书库/ [索取号:O212.1/10] 在馆    
4 0044452   202377962   密集书库/ [索取号:O212.1/10] 在馆    
5 0044453   202377908   密集书库/ [索取号:O212.1/10] 在馆    
6 0044454   202377935   密集书库/ [索取号:O212.1/10] 在馆    
7 0044455   202377926   密集书库/ [索取号:O212.1/10] 在馆    
8 0044456   001442111   第三借阅区/ [索取号:O212.1/10] 在馆    
9 0044457   001442308   第三借阅区/ [索取号:O212.1/10] 在馆    
10 0044458   001442040   第二样本阅览室/ [索取号:O212.1/10] 在馆    
11 0468454   204684546   密集书库/ [索取号:O212.1/10] 在馆    
唐山师范学院图书馆 欢迎您!
大连网信软件有限公司© 版权所有